00640 2200229 4500001002100000005001500021035002000036007000300056008004100059020002200100082001100122084001700133100002600150245007900176250001100255260003500266300003500301650002300336504003100359990000900390990001100399INLIS00000000000141120180202030028 a0010-0218000006ta180202 f 0 ind  a978-602-6827-07-4 a297.14 a297.14 MUH f0 aMUHAMMAD, Alim Khoiri1 aFiqih Busana :btelaah kritis pemikiran muhammad syahrur /cM. Alim Khoiri acet. 1 aYogyakarta :bKalimedia,c2016 aviii,259 hlm ;c14,5 x 20,5 cm aFIQIH BUSANA ISLAM aBibliografi, Hlm 249 - 258 a5674 a5674 A